Normal view
MARC view
Entry Personal Name
001 - CONTROL NUMBER
- control field: 8980
003 - CONTROL NUMBER IDENTIFIER
- control field: BD-RjUL
005 - DATE AND TIME OF LATEST TRANSACTION
- control field: 20230914114644.0
008 - FIXED-LENGTH DATA ELEMENTS
- fixed length control field: 230914|| aca||aabn | a|a d
040 ## - CATALOGING SOURCE
- Original cataloging agency: BD-RjUL
- Transcribing agency: BD-RjUL
100 ## - HEADING--PERSONAL NAME
- Personal name: Bowersox, Donald J
670 ## - SOURCE DATA FOUND
- Source citation: Work cat.: (BD-RjUL)81917: Supply chain logistics management /, c2013, 2018 [reprint 2022]